[Event "Hamburg State-ch U16"]
[Site "Cuxhaven"]
[Date "2005.03.18"]
[Round "9"]
[White "Martens, Andrej"]
[Black "Hoffmann, Daniel"]
[Result "1/2-1/2"]
[WhiteElo "1717"]
[BlackElo "1630"]
[PlyCount "45"]
[EventDate "2005.03.12"]
[EventType "swiss"]
[EventRounds "9"]
[EventCountry "GER"]
[SourceTitle "EXT 2007"]
[Source "ChessBase"]
[SourceDate "2006.11.23"]
[SourceVersion "1"]
[SourceVersionDate "2006.11.23"]
[SourceQuality "1"]

1. e4 e5 2. Nf3 Nc6 3. Nc3 Nf6 4. d4 exd4 5. Nd5 Nxe4 6. Qe2 f5 7. Ng5 d3 8. cxd3 Nd4 9. Qh5+ g6 10. Qh4 c6 11. dxe4 cxd5 12. exd5 Qa5+ 13. Kd1 Qxd5 14. Bc4 Qxc4 15. Re1+ Be7 16. Rxe7+ Kxe7 17. Ne4+ Ke6 18. Qf6+ Kd5 19. Nc3+ Kc5 20. b4+ Kxb4 21. Qd6+ Ka5 22. Qa3+ Kb6 23. Qd6+ 1/2-1/2